000 00581nam a22002175a 4500
001 17513042
003 0
005 20170117165336.0
008 121031s2012 mau 000 0 eng
010 _a 2012952970
020 _a9781133942733
040 _cSPU
042 _apcc
050 _aPE1417
_b.C317 2014
100 1 _aCarter, Christine Evans.
245 1 0 _aMindscapes :
_bcritical reading skills and strategies /
_cChristine Evans Carter.
250 _a2nd ed.
260 _aBoston, MA :
_bWadsworth, Cengage Learning,
_c2014.
300 _ap. cm.
942 _2lcc
_cBK
999 _c47949
_d47949